000
00259nam a2200085Ia 4500
008
220214s9999 xx 000 0 und d
245
0
_a
Proceedings of the thirteenth annual conference, 1966
260
_b
United Planters Association of Southern India
942
_c
BJ
999
_c
19138
_d
19138